Statistics for Political Figures by Last Name

Click here to take the quiz!

General Stats

  • This quiz has been taken 29,767 times
    (29,753 since last reset)
  • The average score is 17 of 27

Answer Stats

First Name Last Name % Correct
AdolfHitler
100%
AbrahamLincoln
99%
NapoleonBonaparte
97%
NelsonMandela
97%
WinstonChurchill
97%
Osamabin Laden
96%
MargaretThatcher
94%
VladimirPutin
91%
KarlMarx
90%
CheGuevara
80%
BenitoMussolini
73%
CalvinCoolidge
65%
BenjaminNetanyahu
59%
IdiAmin
54%
ZedongMao
53%
MuammarGaddafi
52%
NikitaKhrushchev
51%
JacquesChirac
50%
JamesPolk
45%
AnwarSadat
41%
GoldaMeir
39%
BenazirBhutto
36%
SlobodanMilošević
33%
MarcusAntonius
32%
MaximilienRobespierre
24%
YitzhakRabin
21%
DagHammarskjöld
19%

Score Distribution

Percentile by Number Answered

Percent of People with Each Score

Your Score History

You have not taken this quiz since the last reset